| 000 | 00971nam a22002897a 4500 | ||
|---|---|---|---|
| 001 | 4894 | ||
| 003 | FISKH | ||
| 005 | 20241023113637.0 | ||
| 008 | 241023b cb ||||| |||| 00| 0 eng d | ||
| 020 | _a9780142402009 | ||
| 040 |
_aFISKH _beng _cFISKH _dFISKH |
||
| 050 | _aPZ8.T1145 | ||
| 082 | _a398.8 | ||
| 100 |
_aTaback, Simms _d(1932–2011) |
||
| 245 |
_aThis is the house that jack built / _cSimms Taback |
||
| 250 | _a2002 | ||
| 260 |
_aNew York : _bPuffin, _c2002. |
||
| 300 |
_a19 pages : _bColor illustrations ; _c28 cm |
||
| 505 | _aN | ||
| 520 | _aJuvenile Fiction. Folklore. HTML: Jack's house is like no other and its inhabitants are full of fun and surprises. There is even a special guest star at the end of this humorous and unique interpretation of an age-old classic. | ||
| 521 | 8 |
_a580L
_bLexile |
|
| 521 | 8 |
_aN
_bRaz-Plus |
|
| 650 |
_2Picture book _aRepetition |
||
| 650 |
_2Rhyme _aAnimals |
||
| 942 |
_2ddc _cBK _n0 |
||
| 999 |
_c4894 _d4894 |
||